00531nam a2200169Ia 4500008004100000082001900041100002300060245002100083250000600104260002900110300000700139630002100146730002100167942000900188999001900197952014500216100122s9999 xx 000 0 und d b57281aB823.08 aARORA BOOK COMPANY aWELL LOVED TALES a0 bARORA BOOK COMPANYc1999 a67 aWELL LOVED TALES aWELL LOVED TALES cBOOK c376890d376887 00104070aSVPPARLEbSVPPARLEd2000-02-08g75.00l0o57281pSVPPARLE-57281r2010-01-25 00:00:00v75.00w2010-01-25yBOOKz", , General, NA"